[Event "Politiken Cup 2012"]
[Site "Helsingor DEN"]
[Date "2012.08.01"]
[Round "6.12"]
[White "Marttala,T"]
[Black "Kristiansen,Jen"]
[Result "1/2-1/2"]
[WhiteElo "2193"]
[BlackElo "2426"]

1.e4 g6 2.d4 Bg7 3.Nc3 d6 4.f4 Nf6 5.Nf3 O-O 6.Bd3 Nc6 7.O-O e5 8.dxe5 dxe5
9.f5 Nb4 10.fxg6 hxg6 11.Bg5 Qd6 12.a3 Nxd3 13.Qxd3 Qxd3 14.cxd3 Nh7 15.Be3 c6
16.d4 exd4 17.Bxd4 Bg4 18.Bxg7 Kxg7 19.h3 Be6 20.Rf2 Rad8 21.Rd1 Bb3 22.Rxd8 Rxd8
23.Rd2 Rxd2 24.Nxd2 Be6 25.Kf2 f6 26.Nf3 Kf7 27.Ke3 Nf8 28.e5 f5 29.Ng5+ Ke7
30.Ne2 Bb3 31.Nf4 a5 32.h4 a4 33.g3 c5 34.Kd2 Bc4 35.Kc3 b5 36.Kd2 Bf7 37.Kc3 Bc4
38.Kd2 Bf7 39.Kc3 Bg8 40.Kd3 Bc4+ 41.Kc3 Ba2 42.Kc2 Bb3+  1/2-1/2

[Event "CECLUB 1st Div GpA 2012"]
[Site "Don Benito ESP"]
[Date "2012.08.02"]
[Round "4"]
[White "Suarez Real,A"]
[Black "Gual Pascual,A"]
[Result "1/2-1/2"]
[WhiteElo "2400"]
[BlackElo "2459"]

1.e4 d6 2.d4 g6 3.Nc3 Bg7 4.Be3 c6 5.a4 Nf6 6.h3 Qa5 7.Bd3 e5 8.Nf3 O-O 9.O-O Nbd7
10.dxe5 dxe5 11.Nd2 Qc7 12.Nc4 Nb6 13.a5 Nxc4 14.Bxc4 Nh5 15.Qf3 Nf4 16.Rfd1 Be6
17.Bxe6 Nxe6 18.Na4 Nd4 19.Bxd4 exd4 20.Nc5 b6 21.Nd3 Rae8 22.axb6 axb6 23.Re1 Re7
24.Ra6 Rfe8 25.Rea1 c5 26.b3 c4 27.bxc4 Qxc4 28.Rxb6 Rxe4 29.Rb7 f5 30.Raa7 Bf8
31.Qg3 R4e7 32.Rc7 Qb5 33.Kh2 Qb6 34.Rxe7 Bxe7 35.Rd7 Qc6 36.Rxd4 Qxc2 37.Rd5 Qc8
38.Nf4 Qb8 39.Rxf5 Bd6 40.Qg4 Kh8 41.Rf7 Kg8 42.Rf5 Kh8 43.Rf7 Kg8 44.Qd7 Bxf4+
45.g3 Bd6  1/2-1/2

[Event "Politiken Cup 2012"]
[Site "Helsingor DEN"]
[Date "2012.08.02"]
[Round "7.101"]
[White "Andersen,Dag"]
[Black "Satre,Mathias"]
[Result "1-0"]
[WhiteElo "1907"]
[BlackElo "1722"]

1.d4 d6 2.e4 g6 3.Nc3 Bg7 4.Nf3 Nd7 5.Be2 c5 6.Be3 Qa5 7.O-O Ngf6 8.h3 O-O
9.e5 Ne8 10.Nd5 e6 11.Ne7+ Kh8 12.exd6 Nxd6 13.dxc5 Ne4 14.Nxc8 Ndxc5 15.Nd6 Rad8
16.Bxc5 Nxc5 17.b4 Qxb4 18.Nxf7+ Rxf7 19.Qxd8+ Rf8 20.Qe7 Bxa1 21.Qxf8+  1-0

[Event "Politiken Cup 2012"]
[Site "Helsingor DEN"]
[Date "2012.08.02"]
[Round "7.16"]
[White "Andersen,Ru2"]
[Black "Petersen,To1"]
[Result "1-0"]
[WhiteElo "2076"]
[BlackElo "2360"]

1.e4 g6 2.d4 Bg7 3.Nc3 d6 4.Be3 Nd7 5.Nf3 a6 6.Bc4 e6 7.a4 b6 8.Qd2 h6 9.O-O Ne7
10.Rfe1 Bb7 11.Rad1 Kf8 12.Ba2 Kg8 13.h3 Kh7 14.Nh2 Rf8 15.f3 d5 16.Ng4 h5
17.Nf2 dxe4 18.Nfxe4 Bd5 19.Nxd5 exd5 20.Ng5+ Kg8 21.Bf4 Nf5 22.Bxd5 Rb8
23.c3 b5 24.a5 Nf6 25.Bc6 Ne7 26.Rxe7 Qxe7 27.Re1 Qd8 28.d5 Ne8 29.Bxe8 Rxe8
30.Rxe8+ Qxe8 31.Bxc7 Rc8 32.d6 Qd7 33.Qf4 f5 34.Qd2 Rxc7 35.Qd5+ Kh8 36.dxc7 Qxd5
37.c8=Q+ Qg8 38.Qxa6 Bh6 39.Qf6+ Bg7 40.Qe6 Qf8 41.Qxg6 Qc5+ 42.Kh1  1-0

[Event "Politiken Cup 2012"]
[Site "Helsingor DEN"]
[Date "2012.08.03"]
[Round "8.41"]
[White "Hansen,Herl"]
[Black "Petersen,To1"]
[Result "0-1"]
[WhiteElo "2079"]
[BlackElo "2360"]

1.e4 g6 2.d4 Bg7 3.Nc3 d6 4.Be3 Nf6 5.f3 Nbd7 6.Qd2 e5 7.Nh3 c6 8.Be2 Qe7
9.Nf2 Nf8 10.dxe5 dxe5 11.Nd3 N6d7 12.Bg5 Bf6 13.Bxf6 Qxf6 14.Qh6 Ne6 15.O-O-O Qg7
16.Qe3 h5 17.Kb1 h4 18.Nf2 Nf6 19.g3 Nh5 20.f4 exf4 21.gxf4 Nexf4 22.Bxh5 Nxh5
23.Qc5 Qf8 24.Qe5+ Be6 25.Nd5 cxd5 26.exd5 Qg7 27.Qe3 O-O 28.dxe6 fxe6 29.Qxe6+ Qf7
30.Qxf7+ Rxf7 31.Ng4 Kg7 32.Rhg1 Re8 33.Rd6 Re4 34.a3 Nf4 35.Nf2 Re2 36.Nd3 Ng2
37.Nc1 Ref2 38.Nd3 Re2 39.Rd4 h3 40.Rg4 Rf3 41.a4 Kh6 42.Rd4 Rf7 43.Rd6 Kh5
44.a5 g5 45.a6 bxa6 46.Rd5 Kh4 47.Ne5 Rf5 48.Rd4+ Kh5 49.Nd3 g4 50.Rd8 Re4
51.Rg8 Kh6 52.b3 Kh7 53.Rc8 Re7 54.Kb2 Rg7 55.Rc4 Kh6 56.Rc6+ Rg6 57.Rc8 Nh4
58.Rc4 Rfg5 59.Nf4 Nf3 60.Rg3 Nxh2 61.Nxh3 Nf1 62.Rd3 gxh3 63.Rxh3+ Rh5 64.Rxh5+ Kxh5
65.Rc7 Kg5 66.Rxa7 Ne3 67.Rf7 Nf5 68.Ka3 Kf4 69.Kb4 Ke5 70.Kc5 Nd4 71.Re7+ Ne6+
72.Kc4 Kd6 73.Rh7 Kc6 74.Kb4 Kb6 75.Rh4 Nd8 76.Rc4 Rc6 77.Rd4 Rc8 78.Rd2 Nc6+
79.Kc3 Kc5 80.Kb2 Re8 81.Rh2 Re5 82.Rh6 a5 83.Rh4 Nd4 84.Rh8 Re2 85.Rc8+ Nc6
86.Kc1 Kb6 87.c3 Na7 88.Rc4 Nb5 89.Rc8 Na3 90.Rb8+ Ka7 91.Rc8 Rc2+ 92.Kd1 Rb2
93.b4 a4 94.Ra8+ Kxa8  0-1

[Event "Politiken Cup 2012"]
[Site "Helsingor DEN"]
[Date "2012.08.04"]
[Round "9.61"]
[White "Bratholm,P"]
[Black "Christensen,Ca"]
[Result "1/2-1/2"]
[WhiteElo "2088"]
[BlackElo "1985"]

1.e4 d6 2.d4 g6 3.Nc3 Bg7 4.f4 Nf6 5.Nf3 O-O 6.Be3 e5 7.dxe5 Ng4 8.Bg1 dxe5
9.Qxd8 Rxd8 10.h3 Nf6 11.Nxe5 c6 12.Bc4 Be6 13.Bxe6 fxe6 14.Nd3 Nbd7 15.e5 Nd5
16.Ne4 b6 17.c4 Ne7 18.Rd1 h6 19.h4 c5 20.g4 Nc6 21.Nc1 Nf8 22.Rh2 Nh7 23.g5 hxg5
24.hxg5 Bxe5 25.fxe5 Nxe5 26.Rf2 Nxc4 27.Rd3 Rd5 28.Rc3 Rad8 29.Rxc4 Rd1+
30.Ke2 Rxg1 31.Nf6+ Nxf6 32.gxf6 Rgd1 33.Ke3 R8d5 34.Ne2 R1d3+ 35.Ke4 Rd2
36.b4 Rxa2 37.bxc5 bxc5 38.Rc3 Rf5 39.Rxf5 gxf5+ 40.Kf3 Kf7 41.Rxc5 Kxf6
42.Nc3 Ra3 43.Kf4 a5 44.Rc6 Ra1 45.Nd5+ Kf7 46.Rc7+ Kg6 47.Ne7+ Kf6 48.Ng8+ Kg6
49.Ne7+ Kh5 50.Ra7 Ra4+ 51.Ke5 Re4+ 52.Kf6 f4 53.Rxa5+ Kg4 54.Rg5+ Kh3 55.Rh5+ Kg3
56.Rg5+ Kf2 57.Ng6 Ke3 58.Ne5 f3  1/2-1/2

[Event "16th HZ Open"]
[Site "Vlissingen NED"]
[Date "2012.08.04"]
[Round "1"]
[White "Zelbel,P"]
[Black "De Vogelaere,R"]
[Result "1-0"]
[WhiteElo "2387"]
[BlackElo "1874"]

1.e4 g6 2.d4 Bg7 3.Nc3 d6 4.Be3 a6 5.f4 b5 6.Nf3 Nd7 7.Bd3 Bb7 8.Qe2 c5 9.dxc5 Nxc5
10.Bxc5 dxc5 11.e5 Nh6 12.Be4 Bxe4 13.Qxe4 O-O 14.O-O b4 15.Rfd1 Qb6 16.Nd5 Qa7
17.Ne3 f6 18.Nc4 Rad8 19.Rd3 Nf7 20.Rad1 Rxd3 21.Rxd3 fxe5 22.fxe5 Bh6 23.Qh4 Bg7
24.Qe4 Bh6 25.Qc6 Ng5 26.Rd7 Nxf3+ 27.gxf3 Qb8 28.Qe6+  1-0

[Event "CECLUB Div1 Final Permanencia 2012"]
[Site "Don Benito ESP"]
[Date "2012.08.05"]
[Round "2.2"]
[White "Llaneza Vega,M"]
[Black "Jimenez Martinez,Jo"]
[Result "1-0"]
[WhiteElo "2424"]
[BlackElo "2285"]

1.e4 d6 2.d4 g6 3.Nc3 Bg7 4.Be3 a6 5.h3 b5 6.g4 Bb7 7.Bg2 Nc6 8.Nge2 e6 9.Qd2 Nf6
10.Ng3 Nd7 11.Nce2 Nb6 12.b3 e5 13.d5 Ne7 14.g5 Rc8 15.h4 c5 16.h5 Rg8 17.a3 Ra8
18.Nc3 Qc7 19.Qe2 Bc8 20.a4 b4 21.a5 bxc3 22.axb6 Qxb6 23.Bf1 a5 24.Qb5+ Qxb5
25.Bxb5+ Bd7 26.Bxd7+ Kxd7 27.Ke2 Nc8 28.Ra3 Nb6 29.Rha1 a4 30.bxa4 Ra5 31.Rb3 Kc7
32.Rab1 Rb8 33.f4 exf4 34.Bxf4 Rxa4 35.Bxd6+ Kxd6 36.Rxb6+ Rxb6 37.Rxb6+ Kc7
38.Rc6+ Kd7 39.hxg6 hxg6 40.Ke3 Bd4+ 41.Kd3 Ra1 42.Ne2 Rd1+ 43.Kc4 Rd2 44.Nxd4 cxd4
45.Rf6 Ke8 46.Rf3 Rxc2 47.Kxd4 Rg2 48.Rxc3 Rxg5 49.e5 Rg1 50.Rc7 Ra1 51.Kc5 g5
52.Rb7 Ra5+ 53.Kd6 Ra8 54.Kc6 Rc8+ 55.Rc7 Rd8 56.d6 Kf8 57.Ra7 Ke8 58.Re7+ Kf8
59.Ra7 Ke8 60.e6 fxe6 61.Re7+ Kf8 62.Rh7 Kg8 63.Rh5 Kf7 64.Rxg5 Kf6 65.Rh5 Kg6
66.Rb5 Kf6 67.d7 Rg8 68.Kc7 e5 69.d8=Q+ Rxd8 70.Kxd8 Kf5 71.Ke7 Kf4 72.Kd6 e4
73.Kd5 e3 74.Rb1 e2  1-0

[Event "Politiken Cup 2012"]
[Site "Helsingor DEN"]
[Date "2012.08.05"]
[Round "10.57"]
[White "Randlov,Carsten"]
[Black "Johansen,St"]
[Result "0-1"]
[WhiteElo "1860"]
[BlackElo "2021"]

1.d4 g6 2.e4 Bg7 3.Nc3 d6 4.Be3 a6 5.f4 b5 6.Nf3 Bb7 7.Bd3 Nd7 8.O-O c5 9.d5 Ngf6
10.Ng5 h6 11.Ne6 fxe6 12.dxe6 Nf8 13.e5 dxe5 14.fxe5 c4 15.exf6 Bxf6 16.Bxg6+ Nxg6
17.Qh5 Rg8 18.Qxh6 Qc7 19.Rad1 Rd8 20.Rxd8+ Kxd8 21.Bg5 Bd4+ 22.Be3 Rh8 23.Qxg6 Bxe3+
24.Rf2 Bxf2+ 25.Kxf2 Rf8+  0-1

[Event "Tabor Open 2012"]
[Site "Tabor CZE"]
[Date "2012.08.05"]
[Round "9.20"]
[White "Gruber,Mil"]
[Black "Meszaros,Lu"]
[Result "1/2-1/2"]
[WhiteElo "1983"]
[BlackElo "2153"]

1.e4 g6 2.d4 Bg7 3.Nc3 d6 4.Be3 c6 5.Nf3 Bg4 6.Be2 Nf6 7.O-O O-O 8.h3 Bxf3
9.Bxf3 Nbd7 10.Qd2 Qc7 11.Rac1 b5 12.a3 a5 13.Ne2 Rfb8 14.b3 a4 15.Ra1 Ra6
16.b4 Nb6 17.Ng3 Nc4 18.Qc3 Nd7 19.Be2 Ndb6 20.Bxc4 Nxc4 21.Ra2 c5 22.bxc5 dxc5
23.Qd3 cxd4 24.Bd2 Rc6 25.f4 Nxd2 26.Qxd2 Rc8 27.e5 Rc3 28.Ne4 Rc4 29.Rb1 Qc6
30.Qd3 f5 31.exf6 exf6 32.Rab2 Re8 33.Rxb5 f5 34.Rb6 fxe4 35.Rxc6 Rxc6 36.Qb5 Rce6
37.Qd5 Kh8 38.Rb8 e3 39.Qxe6 Rxb8 40.Kf1 Rf8 41.g3 g5 42.f5 Rf6 43.Qe8+ Rf8
44.Qe6 Bf6 45.g4 Kg7 46.Ke2 Rf7 47.Qe8 Ra7 48.Qb8 Rd7 49.Qa8 Rc7 50.Qxa4 Rc3
51.Kd1 Rc7 52.Qb4 Re7 53.Ke2 Rc7 54.Kd1 Re7 55.a4 e2+ 56.Ke1 Re3 57.a5 Be5
58.Qe7+ Kg8 59.Qxg5+ Kf7 60.Qh5+ Kg8 61.Qe8+ Kg7 62.Qe7+ Kg8 63.Qe8+ Kg7  1/2-1/2

[Event "16th HZ Open"]
[Site "Vlissingen NED"]
[Date "2012.08.05"]
[Round "3"]
[White "Luft,D"]
[Black "De Vogelaere,R"]
[Result "1-0"]
[WhiteElo "2121"]
[BlackElo "1874"]

1.e4 g6 2.d4 Bg7 3.Nc3 d6 4.Be3 a6 5.f4 b5 6.Bd3 Bb7 7.Nf3 Nd7 8.Qe2 Rc8
9.O-O c5 10.e5 c4 11.Be4 Bxe4 12.Nxe4 d5 13.Nf2 e6 14.c3 Ne7 15.Kh1 h5 16.Ng5 Nf5
17.Bd2 Nb8 18.Nd1 Nc6 19.Ne3 Nce7 20.Rf3 Nxe3 21.Bxe3 Nf5 22.Rh3 Qe7 23.Bd2 Nh6
24.Rf3 Qb7 25.Be1 Bf8 26.a3 Be7 27.Rh3 Kd7 28.Bd2 Rhf8 29.Rf1 a5 30.Qd1 Qb6
31.Qc2 Nf5 32.Rg1 Ra8 33.Qd1 b4 34.Qa4+ Kc7 35.g4 hxg4 36.Rh7 Bxg5 37.fxg5 b3
38.Rxg4 Kd8 39.Rf4 Ke7 40.Rf3 Rh8 41.Rfh3 Rhg8 42.Kg2 Ng7 43.Rf3 Raf8 44.Rfh3 Ne8
45.R3h6 Nc7 46.Kf3 Qa6 47.h4 Na8 48.h5 Rc8 49.Rxf7+ Kxf7 50.Qd7+ Kf8 51.Rh7  1-0

[Event "FSFMA1 August 2012"]
[Site "Budapest HUN"]
[Date "2012.08.06"]
[Round "3.2"]
[White "Trenseno,Felica"]
[Black "Lindiawati,E"]
[Result "1/2-1/2"]
[WhiteElo "1983"]
[BlackElo "2075"]

1.e4 g6 2.d4 Bg7 3.Nc3 d6 4.Be3 a6 5.Bc4 e6 6.a4 b6 7.Nge2 Nd7 8.Qd2 Bb7
9.O-O h6 10.f4 Ngf6 11.f5 e5 12.fxg6 fxg6 13.Ng3 Qe7 14.Nd5 Nxd5 15.Bxd5 Bxd5
16.exd5 exd4 17.Bxd4 Bxd4+ 18.Qxd4 Ne5 19.a5 b5 20.Rae1 Kd7 21.Ne2 g5 22.Qc3 Raf8
23.Nd4 Kc8 24.Nc6 Rxf1+ 25.Rxf1 Qg7 26.Nxe5 Qxe5 27.Qxe5 dxe5 28.Rf6 Rd8
29.Rxa6 Rxd5 30.Rc6 Kb7 31.Rc3 c5 32.Kf2 b4 33.Rc4 Ka6 34.b3 Kxa5 35.Ke3 Kb5
36.h4 Rd4 37.hxg5 hxg5 38.Rxd4 exd4+ 39.Ke4 g4 40.g3 Kc6 41.Ke5 Kc7 42.Kd5 Kb6
43.Ke4  1/2-1/2

[Event "FSIMA August 2012"]
[Site "Budapest HUN"]
[Date "2012.08.06"]
[Round "3.4"]
[White "Mahmud,S"]
[Black "Resika,N"]
[Result "1-0"]
[WhiteElo "2289"]
[BlackElo "2149"]

1.d4 g6 2.e4 Bg7 3.Nc3 d6 4.Be3 a6 5.Bc4 e6 6.a4 b6 7.Nge2 Ne7 8.f3 Bb7 9.Qd2 h6
10.Rd1 Nd7 11.Nf4 Nf6 12.Bb3 d5 13.O-O g5 14.Nfe2 dxe4 15.fxe4 Nxe4 16.Nxe4 Bxe4
17.Ng3 Bg6 18.Qe2 O-O 19.Nh5 Bxh5 20.Qxh5 Nf5 21.Bf2 c6 22.c3 Qd6 23.Qf3 Rac8
24.Qe4 Rfd8 25.g4 Ne7 26.Bg3 Qd7 27.Rxf7 Kxf7 28.Rf1+ Ke8 29.Bxe6 Bxd4+ 30.Kh1 Qxe6
31.Qxe6 Bc5 32.b4  1-0

[Event "11th Braunau Open A"]
[Site "Ranshofen AUT"]
[Date "2012.08.06"]
[Round "4.8"]
[White "Dovzik,J"]
[Black "Kuran,W"]
[Result "1-0"]
[WhiteElo "2346"]
[BlackElo "1858"]

1.d4 d6 2.e4 g6 3.Nc3 Bg7 4.Nf3 Nd7 5.Be2 Ngf6 6.e5 dxe5 7.dxe5 Ng4 8.e6 Nde5
9.Qxd8+ Kxd8 10.exf7 Nxf3+ 11.Bxf3 Ne5 12.Bd5 Rf8 13.Bd2 c6 14.Bb3 Nxf7 15.O-O-O e5
16.Bh6+ Ke7 17.Bxg7 Re8 18.Rhe1 Be6 19.Bxe5 Rad8 20.Bxe6 Rxd1+ 21.Nxd1 Nxe5
22.Rxe5 Kd6 23.f4 Rxe6 24.Rxe6+ Kxe6 25.Ne3  1-0

[Event "Miguel Najdorf Open A"]
[Site "Warsaw POL"]
[Date "2012.08.06"]
[Round "1.10"]
[White "Przedmojski,R"]
[Black "Choroszej,A"]
[Result "1/2-1/2"]
[WhiteElo "2372"]
[BlackElo "2114"]

1.d4 g6 2.e4 Bg7 3.Nc3 d6 4.Be3 a6 5.Qd2 Nd7 6.h4 h5 7.a4 b6 8.f3 Bb7 9.g3 c5
10.d5 Ngf6 11.Be2 Ne5 12.Rd1 b5 13.axb5 O-O 14.b3 axb5 15.Nxb5 Ba6 16.Kf1 Nxf3
17.Nxf3 Nxe4 18.Qd3 Nxg3+ 19.Kg2 Nxh1 20.Kxh1 Qd7 21.c4 Qh3+ 22.Kg1 Bc8 23.Bf2 Bf5
24.Qe3 Ra2 25.Nd2 Bh6 26.Qxh3 Bxh3 27.Be1 Be3+ 28.Kh2 Bf5 29.Kg3 Rfa8 30.Kf3 Bh6
31.Nc3 Rc2 32.Na4 Rb8 33.Kf2 Rb7 34.Kf1 Be3 35.Bf3 Rxb3 36.Be4 Bxd2 37.Bxc2 Bxc2
38.Rxd2 Bd3+ 39.Kf2 Bxc4 40.Rd1 Bb5 41.Nc3 Bd7 42.Ra1 Bf5 43.Ra7 Kf8 44.Bd2 f6
45.Ke2 Kf7 46.Kf2 Rb4 47.Be3 Rxh4 48.Nb5 Ke8 49.Nc7+ Kf7 50.Nb5 Ke8 51.Ra8+ Kf7  1/2-1/2

[Event "FSIMA August 2012"]
[Site "Budapest HUN"]
[Date "2012.08.08"]
[Round "5.5"]
[White "To,N"]
[Black "Resika,N"]
[Result "1/2-1/2"]
[WhiteElo "2287"]
[BlackElo "2149"]

1.e4 g6 2.d4 Bg7 3.Nc3 d6 4.Nf3 Nf6 5.Be2 O-O 6.O-O Nc6 7.h3 e5 8.dxe5 dxe5
9.Be3 Qe7 10.Nd5 Nxd5 11.exd5 Nd4 12.Bxd4 exd4 13.Bc4 Qc5 14.Bb3 a5 15.a4 Ra6
16.Qd2 Rd6 17.Rad1 d3 18.c3 Rb6 19.Ba2 Bf5 20.Rfe1 Bd7 21.Re4 Bf5 22.Ree1 Bd7  1/2-1/2

[Event "TCh-ESP CECLUB 2a Gp2 2012"]
[Site "Burguillos ESP"]
[Date "2012.08.08"]
[Round "1.2"]
[White "Rubio Tent,F"]
[Black "Granero Roca,A"]
[Result "0-1"]
[WhiteElo "2104"]
[BlackElo "2423"]

1.e4 d6 2.d4 g6 3.Nc3 Bg7 4.Nf3 c6 5.Be3 Bg4 6.Be2 Nd7 7.O-O e6 8.Qd2 Ne7
9.Rfe1 O-O 10.Bh6 Bxh6 11.Qxh6 Bxf3 12.Bxf3 d5 13.Qd2 Kg7 14.Ne2 dxe4 15.Bxe4 Nf6
16.Ng3 Qc7 17.c3 Rad8 18.Qc2 h5 19.Bf3 Qf4 20.Qc1 Ned5 21.Qxf4 Nxf4 22.Ne4 Nxe4
23.Bxe4 f5 24.Bc2 Kf6 25.g3 Nd5 26.h4 Nc7 27.Rad1 b6 28.f4 c5 29.dxc5 bxc5
30.Kf2 Ke7 31.Re5 Rxd1 32.Bxd1 Rb8 33.Re2 Ne8 34.Bb3 Rb6 35.Bc4 Nf6 36.Bd3 Rd6
37.Bc2 Rb6 38.Bd3 Ng4+ 39.Kf3 Kf6 40.Bb1 Rd6 41.a3 Rd1 42.Ba2 e5 43.fxe5+ Nxe5+
44.Kg2 c4 45.b3 Rc1 46.bxc4 Rxc3 47.a4 Nd3 48.Bb1 Nc5 49.a5 Rxc4 50.Rc2 Rxc2+
51.Bxc2 Nb7 52.Bb3 Nd8 53.Kf2 Ke5 54.Ke3 Nc6 55.Bf7 Ne7 56.Kf3 Kf6 57.Bc4 g5
58.hxg5+ Kxg5 59.Bb5 Ng6 60.Be8 Ne5+ 61.Kf2 Nc4 62.a6 Nd6 63.Bc6 Ne4+ 64.Bxe4 fxe4
65.Ke3 Kg4 66.Kxe4 Kxg3 67.Kd5 h4 68.Kc6 h3 69.Kb7 h2 70.Kxa7 h1=Q 71.Kb8 Qh8+
72.Kb7 Qg7+ 73.Kb8 Qf8+ 74.Kb7 Qe7+ 75.Kb8 Qd8+ 76.Kb7 Qd7+ 77.Kb8 Qb5+  0-1

[Event "11th Braunau Open A"]
[Site "Ranshofen AUT"]
[Date "2012.08.08"]
[Round "6.4"]
[White "Kasparov,S"]
[Black "Jaracz,P"]
[Result "1/2-1/2"]
[WhiteElo "2490"]
[BlackElo "2536"]

1.e4 g6 2.d4 Bg7 3.Nc3 d6 4.Nge2 Nd7 5.g3 Rb8 6.a4 c5 7.Be3 b6 8.Bg2 Ngf6
9.h3 O-O 10.O-O a6 11.f4 cxd4 12.Bxd4 Bb7 13.g4 e5 14.Be3 exf4 15.Bxf4 Ne8
16.Qd2 Ne5 17.Rad1  1/2-1/2

[Event "16th HZ Open"]
[Site "Vlissingen NED"]
[Date "2012.08.09"]
[Round "7"]
[White "Onrust,B"]
[Black "Eisenbeiser,A"]
[Result "0-1"]
[WhiteElo "1969"]
[BlackElo "2384"]

1.e4 d6 2.d4 g6 3.Nc3 Bg7 4.Nf3 a6 5.Be3 Nd7 6.a4 b6 7.Bd3 Bb7 8.O-O e6 9.Qd2 h6
10.h3 Ne7 11.Nh2 c5 12.Be2 Qc7 13.f4 f5 14.exf5 Nxf5 15.d5 Nxe3 16.Qxe3 Bd4  0-1

[Event "16th HZ Open"]
[Site "Vlissingen NED"]
[Date "2012.08.09"]
[Round "7"]
[White "Skutta,B"]
[Black "Schouten,Jordy"]
[Result "1/2-1/2"]
[WhiteElo "2083"]
[BlackElo "1843"]

1.d4 g6 2.e4 Bg7 3.Nc3 d6 4.Be3 a6 5.f4 e6 6.Nf3 b5 7.Bd3 Bb7 8.O-O Nf6 9.e5 Nd5
10.Nxd5 Bxd5 11.b3 O-O 12.c4 bxc4 13.bxc4 Bc6 14.Qb3 Nd7 15.Rad1 Qe7 16.Qc2 Rfb8  1/2-1/2

[Event "Miguel Najdorf Open A"]
[Site "Warsaw POL"]
[Date "2012.08.09"]
[Round "4.13"]
[White "Kukawski,M"]
[Black "Choroszej,A"]
[Result "1/2-1/2"]
[WhiteElo "2346"]
[BlackElo "2114"]

1.e4 g6 2.d4 Bg7 3.Nc3 d6 4.f4 Nf6 5.Nf3 O-O 6.Bd3 Nc6 7.O-O e5 8.fxe5 dxe5
9.d5 Nd4 10.Nxe5 Nxd5 11.Nxd5 Bxe5 12.Bf4 Nc6 13.Qd2 Be6 14.Bxe5 Nxe5 15.Nf6+ Kg7
16.Qc3 Qd6 17.Rad1 Rad8 18.Be2 Qb6+ 19.Kh1 Rxd1 20.Nh5+ gxh5 21.Qxe5+ f6
22.Qg3+ Kh8 23.Bxd1 Qxb2 24.Qxc7 Bxa2 25.Qc5 Rd8 26.Qxa7 Qd4 27.Qxa2 Qxd1
28.Qc4 Qd4 29.Qf7 Qf2 30.Rg1 Rg8 31.e5 Qxc2 32.Qxf6+ Rg7 33.Qf8+ Rg8 34.Qf6+ Rg7
35.e6 Qe4 36.Qf8+ Rg8 37.Qf6+ Rg7 38.Qf8+  1/2-1/2

[Event "ch-POR 2012"]
[Site "Pampilhosa da Serra POR"]
[Date "2012.08.10"]
[Round "7.5"]
[White "Neves,P"]
[Black "Carneiro,C"]
[Result "0-1"]
[WhiteElo "2244"]
[BlackElo "2262"]

1.e4 g6 2.d4 Bg7 3.Nc3 d6 4.Bc4 c6 5.Qf3 e6 6.Nge2 Nd7 7.h4 d5 8.Bd3 Qb6
9.e5 Ne7 10.h5 Nf5 11.Bxf5 exf5 12.Qg3 Qb4 13.a3 Qe7 14.h6 Bf8 15.Bg5 f6
16.exf6 Qf7 17.Qh4 Bd6 18.Nf4 O-O 19.O-O-O Nxf6 20.f3 b5 21.Nd3 a5 22.Rde1 b4
23.Nb1 bxa3 24.Nxa3 Rb8 25.Nb1 Ba6 26.Nc5 Bc8 27.Nd3 Nh5 28.Ne5 Qb7 29.b3 a4
30.g4 axb3 31.c3 fxg4 32.fxg4 Qa6 33.Rh2 Bxe5 34.dxe5 Qa2 35.Be7 Nf4 36.Re3 Nd3+
37.Rxd3 Rf1+ 38.Rd1 Rxd1+ 39.Kxd1 Qxb1+ 40.Kd2 Qc2+ 41.Ke3 Qxc3+ 42.Kf4 Qd4+
43.Kf3 Qxg4+  0-1

[Event "Jiraskuv Memorial GM 2012"]
[Site "Rakovnik CZE"]
[Date "2012.08.10"]
[Round "8"]
[White "Velicka,P"]
[Black "Pribyl,Jo"]
[Result "1-0"]
[WhiteElo "2461"]
[BlackElo "2308"]

1.e4 g6 2.d4 Bg7 3.Nc3 d6 4.Nf3 Nf6 5.Be2 O-O 6.O-O c6 7.Re1 Qc7 8.e5 dxe5
9.Nxe5 Nfd7 10.Ng4 h5 11.Nh6+ Kh7 12.Qd2 Nf6 13.Qg5 e6 14.Bf4 Qe7 15.Bd3 Ng8
16.Nxg8 Qxg5 17.Bxg5 Kxg8 18.Ne4 Bxd4 19.c3 Bg7 20.Nd6 f6 21.Nxc8 fxg5 22.Bc4 Kh7
23.Nd6 Nd7 24.Rxe6 b5 25.Bd3 Ne5 26.Bc2 Rf6 27.Ne4 Rff8 28.Nxg5+ Kh6 29.Ne4 Rfe8
30.Rxe8 Rxe8 31.a4 b4 32.cxb4 Nc4 33.Rd1 Bxb2 34.Rd7 a5 35.bxa5 Nxa5 36.h4 Nc4
37.Kf1 Bg7 38.g3 Rb8 39.Ng5 Rb2 40.Nf7+ Kh7 41.Bd3 Rb4 42.a5 Nxa5 43.Ng5+ Kg8
44.Rd8+ Bf8 45.Ne6 Kf7 46.Nxf8 Nb7 47.Rb8  1-0

[Event "2nd Riga Tech Open"]
[Site "Riga LAT"]
[Date "2012.08.10"]
[Round "7.4"]
[White "Collins,S IRL"]
[Black "Fridman,D"]
[Result "1/2-1/2"]
[WhiteElo "2459"]
[BlackElo "2653"]

1.e4 d6 2.d4 g6 3.Nc3 Bg7 4.f4 Nf6 5.Nf3 c5 6.Bb5+ Bd7 7.e5 Ng4 8.e6 Bxb5
9.exf7+ Kd7 10.Nxb5 Qa5+ 11.Nc3 cxd4 12.Nxd4 h5 13.h3 Nh6 14.O-O Nc6 15.Be3 Nf5
16.Nxc6 bxc6 17.Bf2 Rhb8 18.Re1 Rxb2 19.Ne4 Qd5 20.c4 Qxd1 21.Raxd1 Rf8 22.Nc5+ Kc8
23.Ne6 Rxf7 24.Ng5 Rf8 25.Ne6 Rf7 26.Ng5 Rf8 27.Ne6 Rg8 28.Nxg7 Rxg7 29.g4 hxg4
30.hxg4 Rc2 31.gxf5 gxf5+ 32.Kf1 Rxc4 33.Rd4 Rxd4 34.Bxd4 Rh7 35.Bxa7 c5
36.Bxc5 dxc5 37.Re5 Kd7 38.Rxc5 e6 39.Kg2 Kd6  1/2-1/2

[Event "113th US Open 2012"]
[Site "Vancouver USA"]
[Date "2012.08.10"]
[Round "6"]
[White "Zhong,Howard"]
[Black "Yang,Charles"]
[Result "1/2-1/2"]
[WhiteElo "1922"]
[BlackElo "2060"]

1.e4 g6 2.d4 Bg7 3.Nc3 d6 4.g3 Nf6 5.Bg2 O-O 6.Nge2 Na6 7.O-O c6 8.Re1 Rb8
9.h3 Nc7 10.Be3 b5 11.a3 Nd7 12.f4 Nb6 13.b3 a5 14.e5 b4 15.axb4 axb4 16.Na4 Nbd5
17.Bf2 Be6 18.Rc1 Qd7 19.Kh2 f6 20.exd6 exd6 21.Ng1 Nb5 22.Qd2 Nbc3 23.Nxc3 bxc3
24.Qd3 Nb4 25.Qxc3 Na2 26.Qxc6 Rfc8 27.Qxd7 Bxd7 28.Ra1 Rxc2 29.Re2 Nb4  1/2-1/2

[Event "Miguel Najdorf Open A"]
[Site "Warsaw POL"]
[Date "2012.08.10"]
[Round "5.3"]
[White "Baciu,D"]
[Black "Piorun,K"]
[Result "0-1"]
[WhiteElo "2186"]
[BlackElo "2499"]

1.e4 g6 2.d4 Bg7 3.Nc3 d6 4.Nge2 Nf6 5.g3 O-O 6.Bg2 Nbd7 7.h3 Rb8 8.a4 c5
9.Be3 b6 10.O-O a6 11.g4 cxd4 12.Bxd4 Bb7 13.Ng3 Rc8 14.e5 dxe5 15.Bxb7 exd4
16.Bxc8 dxc3 17.Bxd7 cxb2 18.Ra3 Nxd7 19.f4 Qc7 20.Kh2 Nc5 21.c3 e5 22.f5 Rd8
23.Qc2 e4 24.Kg2 e3 25.Rd1 Rxd1 26.Qxd1 Qf4  0-1

[Event "Miguel Najdorf Open A"]
[Site "Warsaw POL"]
[Date "2012.08.10"]
[Round "6.17"]
[White "Nowicki,B"]
[Black "Choroszej,A"]
[Result "1/2-1/2"]
[WhiteElo "2158"]
[BlackElo "2114"]

1.e4 g6 2.d4 Bg7 3.Nc3 d6 4.Bg5 Nd7 5.Nf3 a6 6.Qd2 b5 7.a4 b4 8.Nd5 c5 9.c3 bxc3
10.bxc3 Ngf6 11.Nxf6+ exf6 12.Bf4 Qe7 13.Bd3 O-O 14.O-O Bb7 15.Rfe1 Rfe8
16.Rab1 Nf8 17.Bxd6 Qxd6 18.Rxb7 Qc6 19.Reb1 Qxa4 20.d5 Qa5 21.c4 Qxd2 22.Nxd2 f5
23.exf5 a5 24.Ne4 Bd4 25.Nd6 Red8 26.Nxf7 Rd7 27.Rxd7 Nxd7 28.Rb7 Kxf7 29.Rxd7+ Kf6
30.Rd6+ Kf7 31.fxg6+ hxg6 32.Bxg6+ Kg7 33.Rb6 a4 34.Bb1 a3 35.g4 a2 36.Bxa2 Rxa2
37.Kg2 Rxf2+ 38.Kg3 Rd2 39.Re6 Bf2+ 40.Kf4 Bh4 41.h3 Rf2+ 42.Ke4 Re2+ 43.Kf5 Rf2+
44.Ke4 Re2+ 45.Kf4 Rxe6 46.dxe6 Kf6 47.e7 Kxe7 48.g5 Kf7 49.Kg4 Be1 50.h4 Kg7
51.h5 Bd2 52.Kf5 Bc3 53.Ke6 Bd2 54.Kf5 Bc3 55.Ke6  1/2-1/2

[Event "II Brazil Maringa Open"]
[Site "Maringa BRA"]
[Date "2012.08.11"]
[Round "6.13"]
[White "Feliciano,V"]
[Black "Tashima,V"]
[Result "1-0"]
[WhiteElo "2231"]
[BlackElo "1902"]

1.e4 g6 2.d4 Bg7 3.Nc3 d6 4.Be3 a6 5.Qd2 b5 6.Bd3 Nd7 7.a4 b4 8.Nce2 c5 9.a5 Bb7
10.f3 Qc7 11.c3 bxc3 12.bxc3 c4 13.Bc2 e5 14.Nh3 Ne7 15.f4 O-O 16.fxe5 dxe5
17.d5 Nc8 18.O-O Nc5 19.Ng3 Nd6 20.Qf2 Rac8 21.Ng5 Nb3 22.Rab1 h6 23.Bb6 Qd7
24.Nf3 Nb5 25.Bxb3 cxb3 26.Bc5 Rxc5 27.Qxc5 Rc8 28.Qb4 Rxc3 29.Rxb3 Rc2 30.Rb2 Rc3
31.Qa4 Qc7 32.Qa1 Ra3 33.Qc1 Rc3 34.Qd2 Qc5+ 35.Kh1 Qc7 36.Rxb5 axb5 37.d6 Rc2
38.dxc7  1-0

[Event "TCh-ESP CECLUB 2a Gp1 2012"]
[Site "Padron ESP"]
[Date "2012.08.11"]
[Round "5.4"]
[White "Cubero Ferreiro,R"]
[Black "Gonzalez Diaz,J"]
[Result "1-0"]
[WhiteElo "2166"]
[BlackElo "2251"]

1.d4 d6 2.e4 g6 3.Nc3 Bg7 4.Be3 Nd7 5.f4 e5 6.dxe5 dxe5 7.f5 c6 8.Nf3 Ngf6
9.Qd2 b5 10.a3 Qe7 11.O-O-O Bb7 12.h3 a6 13.g4 h6 14.fxg6 fxg6 15.Nh4 Qf7
16.Bg2 O-O-O 17.Qf2 Qe6 18.Rd3 Ne8 19.Rhd1 Bf8 20.Qd2 Rh7 21.Bb6 Nc7 22.Kb1 Be7
23.Nf3 Rhh8 24.Bg1 Nc5 25.Rxd8+ Rxd8 26.Qxh6 Rf8 27.h4 Kb8 28.Qh7 Nd7 29.Ng5 Bxg5
30.Rxd7 Bd8 31.Bb6 Qxg4 32.Rxd8+  1-0

[Event "Open ch-MKD 2012"]
[Site "Struga MKD"]
[Date "2012.08.11"]
[Round "8.7"]
[White "Kacakovski,D"]
[Black "Popovic,AM"]
[Result "1/2-1/2"]
[WhiteElo "2149"]
[BlackElo "2284"]

1.e4 g6 2.d4 Bg7 3.Nc3 d6 4.Be3 a6 5.Bd3 Nc6 6.d5 Ne5 7.Be2 c5 8.f4 Nd7 9.Nf3 b5
10.e5 Nh6 11.Bf2 Ng4 12.Bg1 dxe5 13.h3 b4 14.Na4 Qa5 15.b3 Ngf6 16.fxe5 Ne4
17.Bh2 Nb6 18.Nxb6 Qxb6 19.Bc4 Bb7 20.O-O O-O 21.Qe1 Nc3 22.d6 exd6 23.exd6 Rae8
24.Qh4 Re4 25.Qf2 h6 26.Rae1 Rxe1 27.Rxe1 Ne4 28.Rxe4 Bxe4 29.Qe2 Bf5 30.Nh4 Qc6
31.Nxf5 gxf5 32.Qe7 Qe4 33.Bg3 Qd4+ 34.Bf2 Qa1+ 35.Bf1 Bf6 36.Qe3 Bd4 37.Qxh6 Bxf2+
38.Kxf2 Qd4+ 39.Kf3 Qg7 40.Qe3 Qf6 41.Qxc5 Rd8 42.Qxb4 Rxd6 43.Bd3 Rd4 44.Qc5 Kg7
45.Bxf5 Rh4 46.g3 Rxh3 47.Kg2 Rh5 48.g4 Rh8 49.Qe3 Qd6 50.Qc3+ f6 51.Qg3 Qd5+
52.Kf2 Qd4+ 53.Kg2 Qd2+ 54.Kf3 Qd1+ 55.Kf2  1/2-1/2